00374nam a2200157Ia 4500008004100000041000800041082001400049100001800063245004700081250001200128260002700140300000800167365000700175500000600182650002800188231222s2021 xx 000 0 und d aeng a615.1/SHI aDr.V.M.Shinde aA practical Book of Herbal Drug Technology a1st Feb bNirali Prakashanc2021 a73p cRS aR aHerbral Drug Technology